| 000 | 00715cam a2200253 a 4500 | ||
|---|---|---|---|
| 008 | |||
| 020 | _a0521570468 (hbk.) | ||
| 049 | _aMAIN | ||
| 090 |
_aTA418.38 _bSUR |
||
| 100 | 1 | _aSuresh, S. | |
| 245 | 1 | 0 |
_aFatigue of materials / _cS. Suresh. |
| 250 | _a2nd ed. | ||
| 260 |
_aCambridge : _bCambridge University Press , _c1998. |
||
| 300 |
_axxi, 679 p. : _bill. ; _c26 cm. |
||
| 504 | _aIncludes bibliographical references. | ||
| 500 | _aIncludes index. | ||
| 650 | 0 |
_aMaterials _xFatigue. |
|
| 650 | 0 | _aFracture mechanics. | |
| 907 |
_a.b10028894 _b22-04-13 _c17-04-03 |
||
| 003 | |||
| 005 | 20230123134139.0 | ||
| 040 | _cNUST | ||
| 942 |
_cBOOKS _kTA418.38 _mSUR |
||
| 999 |
_c160876 _d160876 |
||